| 000 | 02176nam0a2200373 4500 | ||
|---|---|---|---|
| 001 | RU\NLR\BIBL_A\022685905 | ||
| 005 | 20260531095904.0 | ||
| 010 |
_a978-5-4326-0149-0 _9500 |
||
| 021 |
_aRU _bКН-П-25-066877 _9КН-П-25-6467 |
||
| 035 | _a(NLR Aleph) 022685905 | ||
| 090 |
_a13717320 _c13717320 |
||
| 100 | _a20251211d2025 k y0rusy50 ca | ||
| 101 | 0 | _arus | |
| 102 | _aRU | ||
| 105 | _aa z 000yy | ||
| 181 | 0 |
_ai _baxxe |
|
| 182 | 0 | _an | |
| 200 | 1 |
_aВклад тружеников тыла Чечено-Ингушской АССР в победу в Великой Отечественной войне _eмонография _fОсмаев Мовла Камилович _gМинистерство науки и высшего образования Российской Федерации, Федеральное государственное бюджетное образовательное учреждение высшего образования "Чеченский государственный университет имени А. А. Кадырова" |
|
| 203 |
_aТекст _bвизуальный _cнепосредственный |
||
| 210 |
_aМосква _cПарнас _d2025 |
||
| 215 |
_a492 с. _cил., цв. ил. _d21 |
||
| 300 | _aНа задней сторонке пер. авт.: Осмаев М. К. – д-р ист. наук, проф., заслуж. раб. культуры РФ | ||
| 301 | _aDOI: 10.33580/9785432601490 | ||
| 320 | _aБиблиогр.: с. 453–490 (345 назв.) и в подстроч. примеч. | ||
| 320 | _aДругие тр. авт. на задней сторонке пер. | ||
| 606 | 1 |
_aВеликая Отечественная война _xТыл (воен.) _yЧечено-Ингушская АССР _z1941 - 1945 _92708850 _3RU\NLR\AUTH\6601770447 |
|
| 686 | 1 | _aТ3(2)722.9-207.9(2Р-6Че) | |
| 686 | 1 | _aТ3(2Р-6Че)722,02 | |
| 686 | 1 | _aЦ35(2)722-7(2Р-6Че) | |
| 700 | 1 |
_aОсмаев _bМ. К. _gМовла Камилович |
|
| 942 | _cBOOK | ||
| 980 | _aNB | ||